[Event "FSV-ch 2014"]
[Site "Offene VM 2014"]
[Date "2014.04.24"]
[Round "5.18"]
[White "Jentzsch, Werner W"]
[Black "Winkler, Harald"]
[Result "1-0"]
[WhiteElo "1308"]
[BlackElo "1284"]
[PlyCount "107"]
[EventDate "2014.??.??"]
[Source "Pit Schulenburg"]
[SourceDate "2014.03.06"]

1. d4 Nf6 2. Nc3 d5 3. Bf4 e6 4. Nb5 Na6 5. Nf3 c6 6. Nc3 Be7 7. e3 Nc7 8. Bd3
O-O 9. Qe2 Nce8 10. h3 Nd6 11. Ne5 g6 12. O-O-O a6 13. Rdg1 Re8 14. g4 Nd7 15.
Bh6 Bf8 16. g5 Bg7 17. Ng4 Bxh6 18. Nxh6+ Kg7 19. h4 f5 20. h5 Nf7 21. Nxf7
Kxf7 22. hxg6+ hxg6 23. Rh7+ Kg8 24. Rgh1 Nf8 25. Rh8+ Kf7 26. f4 Ke7 27. Qh2
Kd6 28. Qh6 Bd7 29. Qg7 Kc7 30. Qe5+ Kc8 31. Qd6 b5 32. Rg8 Qc7 33. Qc5 Kb7 34.
Rhh8 Qd8 35. a4 Rc8 36. a5 Ra8 37. Qb4 Rc8 38. Na4 Ra8 39. Nb6 Rb8 40. Rg7 Kc7
41. Rxf8 Rxb6 42. axb6+ Kxb6 43. Qc5+ Kb7 44. Rxe8 Qxe8 45. Qd6 Kc8 46. Re7 Qd8
47. Rf7 Qc7 48. Qe7 a5 49. Rf8+ Kb7 50. Rf7 Kc8 51. Rg7 a4 52. Rxg6 Qa5 53.
Rg8+ Kb7 54. Qxd7+ 1-0

[Event "FSV-ch 2014"]
[Site "Offene VM 2014"]
[Date "2014.04.24"]
[Round "5.19"]
[White "Link, Werner"]
[Black "Baier, Jörg"]
[Result "1/2-1/2"]
[WhiteElo "1444"]
[BlackElo "1535"]
[PlyCount "32"]
[EventDate "2014.??.??"]
[Source "Pit Schulenburg"]
[SourceDate "2014.03.06"]

1. d4 Nf6 2. c4 g6 3. Nc3 d5 4. Bf4 Nc6 5. e3 Bg7 6. cxd5 Nxd5 7. Nxd5 Qxd5 8.
Bxc7 O-O 9. Nf3 Bg4 10. Bg3 Bxf3 11. gxf3 e5 12. dxe5 Qa5+ 13. Qd2 Qxd2+ 14.
Kxd2 Nxe5 15. Bg2 Nc4+ 16. Ke2 Bxb2 {(=)} 1/2-1/2

[Event "FSV-ch 2014"]
[Site "Offene VM 2014"]
[Date "2014.04.24"]
[Round "5.20"]
[White "Wilkins, Petra"]
[Black "Tautz, Eugen"]
[Result "0-1"]
[WhiteElo "982"]
[BlackElo "1375"]
[PlyCount "68"]
[EventDate "2014.??.??"]
[Source "Pit Schulenburg"]
[SourceDate "2014.03.06"]

1. d4 d5 2. Nf3 Nc6 3. g3 Nf6 4. Bg2 e6 5. O-O Be7 6. b3 a6 7. Bb2 b6 8. Nbd2
Bb7 9. c4 O-O 10. Ne5 Nxe5 11. dxe5 Nd7 12. Qc2 c6 13. e4 Rc8 14. f4 Bc5+ 15.
Kh1 d4 16. Qd3 Nb8 17. Nf3 Rc7 18. Nxd4 Bxd4 19. Bxd4 c5 20. Rad1 Rd7 21. f5
Rxd4 22. Qc2 exf5 23. exf5 Bxg2+ 24. Kxg2 Nc6 25. Qe2 Qc7 26. f6 Rfd8 27. Qh5
Rxd1 28. Qg5 R8d2+ 29. Rf2 Rxf2+ 30. Kxf2 Rd2+ 31. Kg1 Rd1+ 32. Kg2 Rd2+ 33.
Kh3 Qd7+ 34. g4 Qd3+ 0-1

[Event "FSV-ch 2014"]
[Site "Offene VM 2014"]
[Date "2014.04.24"]
[Round "5.21"]
[White "Reker, Gerhard"]
[Black "Schmidt, Andreas N"]
[Result "0-1"]
[WhiteElo "878"]
[BlackElo "1024"]
[PlyCount "48"]
[EventDate "2014.??.??"]
[Source "Pit Schulenburg"]
[SourceDate "2014.03.06"]

1. e4 e5 2. Nc3 Nf6 3. Nf3 Nc6 4. Bb5 Bc5 5. O-O O-O 6. Bxc6 dxc6 7. d3 h6 8.
Nxe5 Bd4 9. Nf3 Bg4 10. h3 Bxf3 11. Qxf3 Re8 12. Qg3 Be5 13. Bf4 Nh5 14. Qg4
Nxf4 15. Ne2 Nxe2+ 16. Qxe2 Bxb2 17. Rab1 Bd4 18. Rxb7 Bb6 19. c4 Qc8 20. Rxb6
cxb6 21. e5 c5 22. Re1 Qd7 23. a3 Re6 24. Qg4 Qxd3 0-1

[Event "FSV-ch 2014"]
[Site "Offene VM 2014"]
[Date "2014.04.24"]
[Round "5.22"]
[White "Heinz, Hans-Werner"]
[Black "Jürgens, Ulrich"]
[Result "1-0"]
[WhiteElo "1180"]
[BlackElo "1062"]
[PlyCount "75"]
[EventDate "2014.??.??"]
[Source "Pit Schulenburg"]
[SourceDate "2014.03.06"]

1. e4 e5 2. Nf3 Nc6 3. g3 g6 4. c3 Nf6 5. d3 h6 6. Bg2 d6 7. O-O Bg7 8. Be3 O-O
9. Qd2 Ng4 10. h3 Nxe3 11. Qxe3 g5 12. g4 f6 13. Nbd2 a6 14. b4 b5 15. Nb3 Bb7
16. a3 a5 17. Rad1 a4 18. Na1 Ne7 19. Nc2 d5 20. Nh2 c6 21. d4 Qd6 22. Nf3 Ng6
23. dxe5 Nxe5 24. Nxe5 Qxe5 25. Nd4 Rfd8 26. f3 Rd7 27. f4 gxf4 28. Rxf4 dxe4
29. Rxe4 Qc7 30. Rf1 Qd8 31. Ne6 Qc8 32. Nc5 Rd6 33. Re7 Ba6 34. Re6 Rxe6 35.
Nxe6 Bb7 36. Nxg7 Kxg7 37. Qe7+ Kg8 38. Rxf6 1-0

[Event "FSV-ch 2014"]
[Site "Offene VM 2014"]
[Date "2014.05.15"]
[Round "6.1"]
[White "Lauche, Christoph"]
[Black "Zachos, Ingo"]
[Result "1/2-1/2"]
[WhiteElo "1887"]
[BlackElo "1871"]
[PlyCount "180"]
[EventDate "2014.??.??"]
[Source "Pit Schulenburg"]
[SourceDate "2014.03.06"]

1. e4 d6 2. d4 Nf6 3. Nc3 g6 4. Bg5 c6 5. Nf3 Bg7 6. Qd2 h6 7. Be3 Ng4 8. Bf4
Nd7 9. h3 Ngf6 10. e5 dxe5 11. dxe5 Nd5 12. Nxd5 cxd5 13. Qxd5 O-O 14. O-O-O
Qc7 15. Qd2 Kh7 16. Qe3 Nc5 17. g4 Be6 18. Kb1 Rfc8 19. Nd4 Rd8 20. Bg2 Rac8
21. Rc1 Bc4 22. Rhd1 Qa5 23. Nb3 Bxb3 24. cxb3 b6 25. Rxd8 Rxd8 26. Qc3 Qb5 27.
Bf1 Qc6 28. f3 Qd7 29. Be2 Qe6 30. Bc4 Qd7 31. Be2 Qb7 32. b4 Ne6 33. Be3 Qd5
34. Rd1 Qxe5 35. Rxd8 Nxd8 36. Qxe5 Bxe5 37. b5 Kg7 38. a4 Ne6 39. Bd2 Bd4 40.
Bc3 {(=)} 40... Kf6 41. Bd2 g5 42. Kc2 Ke5 43. b4 Nc7 44. Bc4 e6 45. Kd3 Nd5
46. Bxd5 exd5 47. Bc1 Bf2 48. Bd2 d4 49. Bc1 Be1 50. Ba3 Bc3 51. Bc1 Bxb4 52.
Kc4 Bc3 53. Kd3 Be1 54. Ke2 Bb4 55. Kd3 Bc3 56. Kc4 Be1 57. Kd3 Bg3 58. Bd2 Bf4
59. Be1 Kd5 60. Bb4 Ke5 61. Be1 Bh2 62. Bd2 Bg1 63. Bc1 f5 64. Bd2 fxg4 65.
hxg4 Bf2 66. Bc1 Be1 67. Ke2 Bb4 68. Kd3 Kd5 69. Bb2 Bc5 70. Bc1 Bd6 71. Bb2
Bc5 72. Bc1 Ke5 73. Bd2 Ba3 74. Kc4 Bb2 75. Kd3 Bc3 76. Bc1 Be1 77. Ke2 Bg3 78.
Kd3 Bf4 79. Ba3 Be3 80. Ke2 Bg1 81. Bf8 Bh2 82. Bg7+ Kd5 83. Kd3 Kc5 84. Bf8+ {
Schwarz zog nun zunaechst regelwidrig Kb4.} 84... Kd5 85. Bxh6 Bf4 86. Bg7 Be3
87. Bf6 Kc5 88. Be7+ {Schwarz zog nun erneut zunaechst regelwidrig Kb4.} 88...
Kd5 89. Bd8 Bf4 90. Bf6 {(=)} 90... Be3 1/2-1/2

[Event "FSV-ch 2014"]
[Site "Offene VM 2014"]
[Date "2014.05.15"]
[Round "6.2"]
[White "Zelt, Jens"]
[Black "Dieckmann, Rudolf"]
[Result "1-0"]
[WhiteElo "2001"]
[BlackElo "1614"]
[PlyCount "49"]
[EventDate "2014.??.??"]
[Source "Pit Schulenburg"]
[SourceDate "2014.03.06"]

1. d4 d5 2. Nf3 Nf6 3. Bf4 e6 4. e3 c5 5. c3 Nc6 6. Nbd2 a6 7. a4 h6 8. Bd3 Bd6
9. Bg3 O-O 10. Ne5 cxd4 11. cxd4 Qc7 12. Qe2 Nd7 13. f4 Ndxe5 14. fxe5 Be7 15.
O-O Qd8 16. Nf3 f6 17. exf6 Bxf6 18. Rae1 b6 19. Bb1 Ra7 20. Qc2 b5 21. axb5
axb5 22. Qh7+ Kf7 23. Ne5+ Nxe5 24. dxe5 Rh8 25. Qg6+ 1-0

[Event "FSV-ch 2014"]
[Site "Offene VM 2014"]
[Date "2014.05.15"]
[Round "6.3"]
[White "Kemna, Martin"]
[Black "Grube, Jörg"]
[Result "0-1"]
[WhiteElo "1932"]
[BlackElo "1793"]
[PlyCount "84"]
[EventDate "2014.??.??"]
[Source "Pit Schulenburg"]
[SourceDate "2014.03.06"]

1. c4 g6 2. e4 Bg7 3. g3 d6 4. Bg2 e5 5. d3 Nc6 6. Ne2 f5 7. Nbc3 Nf6 8. h3 O-O
9. Be3 Nh5 10. Qd2 f4 11. gxf4 exf4 12. Nxf4 Qg5 13. Nxh5 Qxg2 14. O-O-O Bh8
15. Nf4 Qf3 16. Rhg1 Bd4 17. Nxg6 hxg6 18. Bxd4 Nxd4 19. Rxg6+ Kf7 20. Rg3 Qh5
21. c5 Qxc5 22. Qe3 Be6 23. Kb1 Rg8 24. Qf4+ Ke7 25. Qh4+ Kd7 26. Qh7+ Kc6 27.
Rc1 Rh8 28. Qg7 Rag8 29. Qe7 Re8 30. Qf6 Ref8 31. Qg5 Qxg5 32. Rxg5 Kb6 33.
Na4+ Ka6 34. Rxc7 Rxf2 35. b4 Bxa2+ 36. Kc1 Nb3+ 37. Kd1 Rxh3 38. Ke1 Rhh2 39.
b5+ Ka5 40. b6+ Kxa4 41. bxa7 Re2+ 42. Kf1 Nd2+ 0-1

[Event "FSV-ch 2014"]
[Site "Offene VM 2014"]
[Date "2014.05.15"]
[Round "6.4"]
[White "Schütz, Ralf"]
[Black "Nachbar, Benjamin"]
[Result "1/2-1/2"]
[WhiteElo "1815"]
[BlackElo "2169"]
[PlyCount "81"]
[EventDate "2014.??.??"]
[Source "Pit Schulenburg"]
[SourceDate "2014.03.06"]

1. e4 c6 2. Nf3 d5 3. Nc3 Nf6 4. e5 Ne4 5. Be2 Bf5 6. Nh4 e6 7. Nxf5 exf5 8. d4
Be7 9. Qd3 g6 10. Be3 Na6 11. Nxe4 fxe4 12. Qb3 Qb6 13. O-O f5 14. Qxb6 axb6
15. a3 Nc7 16. f3 b5 17. g4 exf3 18. Bxf3 Kd7 19. gxf5 gxf5 20. Bg2 Raf8 21.
Bh3 Rhg8+ 22. Kh1 Ke6 23. Rf3 Bg5 24. Rg1 h6 25. Rfg3 Bxe3 26. Rxg8 Rxg8 27.
Rxg8 Bxd4 28. c3 Bxe5 29. Rg6+ Bf6 30. Rxh6 Ne8 31. Kg2 Nd6 32. Rh5 d4 33. cxd4
Bxd4 34. b3 Bb2 35. a4 bxa4 36. bxa4 Be5 37. Kf3 Bxh2 38. Bxf5+ Nxf5 39. Rxh2
Nd6 40. Rh5 b6 41. a5 {(=)} 1/2-1/2

[Event "FSV-ch 2014"]
[Site "Offene VM 2014"]
[Date "2014.06.02"]
[Round "6.5"]
[White "Bommert, Christian"]
[Black "Brendemühl, Bernd"]
[Result "1/2-1/2"]
[WhiteElo "1770"]
[BlackElo "1962"]
[PlyCount "89"]
[EventDate "2014.??.??"]
[Source "Pit Schulenburg"]
[SourceDate "2014.03.06"]

1. e4 c5 2. Nc3 g6 3. f4 Nc6 4. Bb5 Nd4 5. Bc4 Bg7 6. Nf3 a6 7. a3 e6 8. d3 Ne7
9. O-O O-O 10. e5 d5 11. exd6 Qxd6 12. Ne4 Qc7 13. c3 Nxf3+ 14. Qxf3 b5 15. Ba2
Bb7 16. Qf2 c4 17. Nc5 Bd5 18. d4 Rfd8 19. Bd2 Qc6 20. Rae1 Nf5 21. Bb1 Nd6 22.
Re2 a5 23. Qh4 b4 24. a4 Rab8 25. g4 Re8 26. Re3 h6 27. f5 exf5 28. gxf5 g5 29.
Qg3 bxc3 30. bxc3 Rb2 31. Rxe8+ Nxe8 32. Qe1 Nf6 33. Qc1 Rb8 34. Bc2 Re8 35.
Qd1 Bg2 36. Rf2 Bh3 37. Qf3 Qxf3 38. Rxf3 Bg4 39. Rg3 Bf8 40. h3 Be2 41. h4 g4
42. Re3 Rxe3 43. Bxe3 Nd5 44. Bd2 Bf3 45. Nd7 {(=)} 1/2-1/2

[Event "FSV-ch 2014"]
[Site "Offene VM 2014"]
[Date "2014.05.15"]
[Round "6.6"]
[White "Mokros, Jürgen"]
[Black "Guddat, Jörn"]
[Result "0-1"]
[WhiteElo "1528"]
[BlackElo "1777"]
[PlyCount "110"]
[EventDate "2014.??.??"]
[Source "Pit Schulenburg"]
[SourceDate "2014.03.06"]

1. e4 e6 2. d4 d5 3. e5 c5 4. c3 Nc6 5. Nf3 Bd7 6. Bd3 Qc7 7. O-O f6 8. Re1
Nge7 9. exf6 gxf6 10. dxc5 O-O-O 11. b4 Ng6 12. a4 e5 13. Be2 Nce7 14. Na3 Kb8
15. Nb5 Bxb5 16. axb5 Nc8 17. Qa4 b6 18. cxb6 Nxb6 19. Qa5 h5 20. Be3 Bh6 21.
Bxb6 Qxb6 22. Qxb6+ axb6 23. Ra6 Kb7 24. c4 dxc4 25. Bxc4 e4 26. Rea1 exf3 27.
Ra7+ Kb8 28. Ra8+ Kc7 29. R8a7+ Kd6 30. Rb7 fxg2 31. Rxb6+ Ke5 32. Rc6 Bd2 33.
Rc5+ Kf4 34. Ra6 Bc3 35. Be2 Be5 36. Ra3 Rd2 37. Rf3+ Kg5 38. Re3 Ra8 39. h4+
Kh6 40. Kxg2 Nf4+ 41. Kf3 Raa2 42. Bc4 Rxf2+ 43. Ke4 Rad2 44. Rg3 Ng6 45. Rf3
Rxf3 46. Kxf3 Nxh4+ 47. Ke4 Rd4+ 48. Ke3 Nf5+ 49. Kf3 Nd6 50. Bd5 Rxb4 51. Bc6
Rc4 52. Rd5 Nf5 53. Bd7 Kg5 54. b6 Rb4 55. Bb5 Nd4+ 0-1

[Event "FSV-ch 2014"]
[Site "Offene VM 2014"]
[Date "2014.05.19"]
[Round "6.7"]
[White "Begna, Bozidar"]
[Black "Reinacher, Detlev"]
[Result "1-0"]
[WhiteElo "1904"]
[BlackElo "1552"]
[PlyCount "51"]
[EventDate "2014.??.??"]
[Source "Pit Schulenburg"]
[SourceDate "2014.03.06"]

1. b3 d6 2. Nf3 Nf6 3. Bb2 Nbd7 4. e3 e5 5. c4 g6 6. Nc3 Bg7 7. Be2 O-O 8. O-O
b6 9. d4 Bb7 10. d5 a6 11. Qc2 Re8 12. Nd2 Qe7 13. e4 Rac8 14. Rad1 c6 15. dxc6
Bxc6 16. Qd3 Nc5 17. Qe3 Qb7 18. Nd5 b5 19. f3 bxc4 20. Nxc4 Nxd5 21. exd5 Bxd5
22. Nxd6 Qc6 23. Nxe8 Rxe8 24. Rc1 Bf8 25. Ba3 Rc8 26. b4 1-0

[Event "FSV-ch 2014"]
[Site "Offene VM 2014"]
[Date "2014.05.15"]
[Round "6.8"]
[White "Sack, Thomas"]
[Black "Benke, Werner"]
[Result "1-0"]
[WhiteElo "1808"]
[BlackElo "1529"]
[PlyCount "106"]
[EventDate "2014.??.??"]
[Source "Pit Schulenburg"]
[SourceDate "2014.03.06"]

1. d4 d5 2. e4 e6 3. Nc3 dxe4 4. f3 e3 5. Bxe3 Nf6 6. Bc4 Be7 7. Nge2 O-O 8. g4
Nd5 9. Bf2 Bh4 10. Qd2 Bxf2+ 11. Kxf2 Qh4+ 12. Ng3 Nxc3 13. bxc3 b6 14. Qf4 Ba6
15. Bb3 Qe7 16. Rae1 Qd6 17. Qe4 Nd7 18. h4 Nf6 19. Qe3 Nd5 20. Qd2 Bb7 21. c4
Ne7 22. Ne4 Bxe4 23. Rxe4 Rad8 24. c3 c5 25. h5 e5 26. h6 g6 27. d5 f5 28. gxf5
Nxf5 29. Qg5 Rde8 30. Bc2 Qf6 31. Qg4 Nd6 32. Re3 e4 33. Rhe1 Qe5 34. Kg1 Rf4
35. Qh3 Qg5+ 36. Kf2 Rh4 37. Qg3 Qh5 38. Rg1 Rh2+ 39. Rg2 Rxg2+ 40. Kxg2 Re5
41. Kf2 Qf5 42. f4 Re7 43. Qh4 Rf7 44. Qd8+ Rf8 45. Qxd6 Qh5 46. Qe6+ Kh8 47.
Rh3 Rxf4+ 48. Ke1 Qf5 49. Qxf5 gxf5 50. d6 Rg4 51. Rh5 Rg6 52. d7 Rd6 53. Rxf5
Rxd7 1-0

[Event "FSV-ch 2014"]
[Site "Offene VM 2014"]
[Date "2014.05.15"]
[Round "6.9"]
[White "Jost, Udo"]
[Black "Vogt, Christian"]
[Result "1-0"]
[WhiteElo "1838"]
[BlackElo "1572"]
[PlyCount "127"]
[EventDate "2014.??.??"]
[Source "Pit Schulenburg"]
[SourceDate "2014.03.06"]

1. c4 Nf6 2. a3 e6 3. Nf3 b6 4. d4 Bb7 5. Nc3 d5 6. Ne5 Be7 7. Qa4+ Nfd7 8.
cxd5 exd5 9. Bf4 O-O 10. Nf3 a6 11. e3 c5 12. Bd3 cxd4 13. exd4 Bf6 14. h4 Re8+
15. Kf1 g6 16. Rd1 b5 17. Qc2 Bg7 18. h5 Nf8 19. hxg6 hxg6 20. Qd2 Nbd7 21. Bh6
Qf6 22. Bg5 Qd6 23. Ne2 Nh7 24. Bf4 Qf8 25. Ng3 Rac8 26. Bb1 Rc6 27. Qd3 Rce6
28. Bd2 Qe7 29. Nh5 Bf8 30. Bb4 Qd8 31. Nf4 Re4 {(=)} 32. Qd2 Bxb4 33. axb4
Rxf4 34. Qxf4 Qf6 35. Qh2 Ndf8 36. Ne5 Qd6 37. Qf4 Qf6 38. Qd2 Bc8 39. Rc1 Bf5
40. Ba2 Be6 41. Qh6 Qg5 42. Rc7 Qxh6 43. Rxh6 Rc8 44. Rxc8 Bxc8 45. Bxd5 Be6
46. Bb7 Kg7 47. Rh2 f6 48. Nf3 Nd7 49. Bxa6 Bc4+ 50. Ke1 Nb8 51. Bb7 Nd7 52.
Kd2 Nhf8 53. Kc3 Ne6 54. b3 Bf1 55. Nd2 Be2 56. f4 f5 57. g3 Bg4 58. Bc6 Nb6
59. d5 Nd8 60. Kd4 Nxc6+ 61. dxc6 Kf6 62. Kc5 Nc8 63. Kxb5 Ke6 64. Kc5 1-0

[Event "FSV-ch 2014"]
[Site "Offene VM 2014"]
[Date "2014.05.15"]
[Round "6.10"]
[White "Boeck, Matthias"]
[Black "Zhang, Jingfu"]
[Result "1/2-1/2"]
[WhiteElo "1697"]
[BlackElo "1533"]
[PlyCount "43"]
[EventDate "2014.??.??"]
[Source "Pit Schulenburg"]
[SourceDate "2014.03.06"]

1. f4 Nf6 2. Nf3 d5 3. g3 e6 4. Bg2 Bc5 5. d4 Be7 6. O-O O-O 7. h3 Nbd7 8. g4
c5 9. c3 b6 10. Ne5 Nxe5 11. fxe5 Ne4 12. Nd2 Bb7 13. Nxe4 dxe4 14. e3 Bg5 15.
Qa4 Qc7 16. Bd2 Bc6 17. Qc2 Qb7 18. Kh2 Rac8 19. Kg3 cxd4 20. exd4 Bxd2 21.
Qxd2 f5 22. exf6 1/2-1/2

[Event "FSV-ch 2014"]
[Site "Offene VM 2014"]
[Date "2014.05.15"]
[Round "6.11"]
[White "Orlowski, Wilfried"]
[Black "Reschop, Romano"]
[Result "1/2-1/2"]
[WhiteElo "1566"]
[BlackElo "1701"]
[PlyCount "72"]
[EventDate "2014.??.??"]
[Source "Pit Schulenburg"]
[SourceDate "2014.03.06"]

1. Nf3 d5 2. g3 Nc6 3. Bg2 e5 4. d3 Be6 5. c3 f6 6. O-O Qd7 7. Re1 O-O-O 8. b4
Nce7 9. a4 Kb8 10. Na3 Nc8 11. a5 g5 12. Rb1 h5 13. Qc2 Nge7 14. h4 gxh4 15.
Nxh4 Nf5 16. Nxf5 Bxf5 17. e4 Bh3 18. f3 Rg8 19. Kh2 Bxg2 20. Qxg2 f5 21. Qh3
dxe4 22. dxe4 f4 23. gxf4 Qd3 24. Qf1 Bh6 25. Qxd3 Rxd3 26. fxe5 Bxc1 27. Rbxc1
Rxf3 28. Nc4 Rf2+ 29. Kh1 Rgg2 30. Ne3 Rh2+ {
Der Kontrollzug. Restbedenkzeit von Schwarz zu diesem Zeitpunkt: eine Sekunde!}
31. Kg1 Re2 32. Rf1 Rh3 33. Nd5 Rg3+ 34. Kh1 Rh3+ 35. Kg1 Rg3+ 36. Kh1 Rh3+
1/2-1/2

[Event "FSV-ch 2014"]
[Site "Offene VM 2014"]
[Date "2014.05.15"]
[Round "6.12"]
[White "Jähnicke, Karl-Heinz"]
[Black "Yangibayev, Rustam"]
[Result "1-0"]
[WhiteElo "1743"]
[BlackElo "1481"]
[PlyCount "69"]
[EventDate "2014.??.??"]
[Source "Pit Schulenburg"]
[SourceDate "2014.03.06"]

1. d4 d5 2. c4 c6 3. Nf3 e6 4. Nc3 f5 5. Bg5 Be7 6. h4 Nf6 7. e3 Nbd7 8. Bd3 h6
9. Bxf6 Nxf6 10. Ne5 O-O 11. g3 Bd7 12. Qb3 Qc7 13. cxd5 exd5 14. Ng6 Rfe8 15.
Rc1 Qd8 16. Kf1 Rb8 17. Qc2 Ne4 18. Ne2 Bd6 19. Kg2 Qc7 20. a3 Re6 21. Nef4 Rf6
22. Nxd5 Qd8 23. Nxf6+ Qxf6 24. Nf4 Rc8 25. Qb3+ Kh7 26. Qxb7 Qe7 27. Rc2 a5
28. Qa6 Bc7 29. d5 Nc5 30. Qc4 Nxd3 31. Qxd3 Qd6 32. dxc6 Bxc6+ 33. f3 Qf6 34.
Rhc1 Bxf4 35. Rxc6 1-0

[Event "FSV-ch 2014"]
[Site "Offene VM 2014"]
[Date "2014.05.15"]
[Round "6.13"]
[White "Rauschenbusch, Udo"]
[Black "Jentzsch, Werner W"]
[Result "1-0"]
[WhiteElo "1674"]
[BlackElo "1325"]
[PlyCount "123"]
[EventDate "2014.??.??"]
[Source "Pit Schulenburg"]
[SourceDate "2014.03.06"]

1. f4 d5 2. Nf3 Nc6 3. g3 Bf5 4. Bg2 Nf6 5. O-O e6 6. d3 Bc5+ 7. e3 O-O 8. h3
Re8 9. g4 Bg6 10. Nh4 h6 11. Nxg6 fxg6 12. d4 Bd6 13. Qd3 Kh7 14. a3 Ne7 15. b4
a6 16. Bd2 Qd7 17. Be1 Qb5 18. Qb3 a5 19. a4 Qb6 20. b5 c5 21. c3 c4 22. Qc2
Qc7 23. Nd2 Qd7 24. e4 Bc7 25. e5 Nfg8 26. Nf3 Rf8 27. Bg3 Rf7 28. Rae1 Raf8
29. Nh4 b6 30. Nxg6 Nxg6 31. f5 N8e7 32. fxg6+ Nxg6 33. Rxf7 Rxf7 34. h4 Qe7
35. h5 Qg5 36. hxg6+ Qxg6 37. Qxg6+ Kxg6 38. Rf1 Rxf1+ 39. Bxf1 Bd8 40. Kg2 Bg5
41. Be1 Bf4 42. Kf3 Bc1 43. Be2 Kg5 44. Bd1 h5 45. gxh5 Kxh5 46. Kg3+ Kg6 47.
Bg4 Kf7 48. Kh4 g6 49. Bh3 Be3 50. Kg4 Bc1 51. Kf3 Bg5 52. Ke2 Be7 53. Bd2 Bh4
54. Bc1 Be7 55. Kf3 Bh4 56. Kg4 Be1 57. Bb2 Bd2 58. Kf3 Bg5 59. Ke2 Be7 60. Bc1
Bf8 61. Bg5 Ke8 62. Bxe6 1-0

[Event "FSV-ch 2014"]
[Site "Offene VM 2014"]
[Date "2014.05.15"]
[Round "6.15"]
[White "Nettbohl, Werner"]
[Black "Herrmann, Rudolf"]
[Result "1-0"]
[WhiteElo "1445"]
[BlackElo "1346"]
[PlyCount "91"]
[EventDate "2014.??.??"]
[Source "Pit Schulenburg"]
[SourceDate "2014.03.06"]

1. e4 d5 2. exd5 Qxd5 3. Nf3 Nf6 4. d4 Bf5 5. Be2 e6 6. O-O Be7 7. c4 Qd8 8. a3
a6 9. Nc3 O-O 10. h3 Nbd7 11. Be3 c6 12. Nh4 Be4 13. Nxe4 Nxe4 14. Nf3 Re8 15.
Bd3 f5 16. Bxe4 fxe4 17. Nd2 Nf6 18. Qc2 c5 19. dxc5 Qc7 20. b4 Qe5 21. Rad1
Bd8 22. g3 Qh5 23. Kg2 Qg6 24. Bf4 e5 25. Be3 Bc7 26. Rfe1 Rad8 27. Nf1 Rxd1
28. Rxd1 Rd8 29. Rxd8+ Bxd8 30. Qd2 Bc7 31. Qd1 h5 32. Bc1 h4 33. g4 Kh7 34.
Ne3 Nh5 35. Nf5 Nf4+ 36. Kh2 Qf6 37. Qd7 Ne6 38. Be3 Bd8 39. Nxh4 Qxh4 40. Qxe6
Bf6 41. b5 Bg5 42. Qf5+ Kh6 43. Qxg5+ Qxg5 44. Bxg5+ Kxg5 45. bxa6 bxa6 46. c6
1-0

[Event "FSV-ch 2014"]
[Site "Offene VM 2014"]
[Date "2014.05.15"]
[Round "6.16"]
[White "Kirmes, Hans-Uwe"]
[Black "Zabel, Reinhard"]
[Result "1/2-1/2"]
[WhiteElo "1323"]
[BlackElo "1484"]
[PlyCount "38"]
[EventDate "2014.??.??"]
[Source "Pit Schulenburg"]
[SourceDate "2014.03.06"]

1. e4 e5 2. Nf3 Nf6 3. d4 Nxe4 4. Bd3 d5 5. Nxe5 Qf6 6. O-O Bf5 7. Nc3 Nxc3 8.
bxc3 Bd6 9. Re1 O-O 10. Bxf5 Qxf5 11. Nf3 Nc6 12. Qd3 Qxd3 13. cxd3 Rfe8 14.
Bd2 h6 15. Rab1 b6 16. h3 f6 17. Kf1 Kf7 18. Rb5 Rxe1+ 19. Kxe1 Ne7 1/2-1/2

[Event "FSV-ch 2014"]
[Site "Offene VM 2014"]
[Date "2014.05.15"]
[Round "6.18"]
[White "Tautz, Eugen"]
[Black "Kawka, Bogdan"]
[Result "1-0"]
[WhiteElo "1375"]
[BlackElo "1262"]
[PlyCount "63"]
[EventDate "2014.??.??"]
[Source "Pit Schulenburg"]
[SourceDate "2014.03.06"]

1. c4 Nf6 2. Nc3 e6 3. Nf3 Bb4 4. e3 O-O 5. Qb3 Bxc3 6. Qxc3 d5 7. d4 Nbd7 8.
Bd3 c5 9. O-O b6 10. cxd5 Nxd5 11. Qd2 Bb7 12. a3 N5f6 13. Be2 Ne4 14. Qc2 Rc8
15. Qa4 a5 16. Rd1 Bd5 17. Bb5 Ndf6 18. Ne5 Qc7 19. f3 Nd6 20. Be2 Nd7 21. Qxd7
Qxd7 22. Nxd7 Rfd8 23. Nxb6 Rc6 24. Nxd5 exd5 25. dxc5 Rxc5 26. Bd3 Ne8 27. Bd2
d4 28. e4 Nd6 29. b4 axb4 30. Bxb4 Rc6 31. Rdc1 Rxc1+ 32. Rxc1 1-0

[Event "FSV-ch 2014"]
[Site "Offene VM 2014"]
[Date "2014.05.15"]
[Round "6.20"]
[White "Hast, Stefan"]
[Black "Heinz, Hans-Werner"]
[Result "1-0"]
[WhiteElo "1201"]
[BlackElo "1180"]
[PlyCount "45"]
[EventDate "2014.??.??"]
[Source "Pit Schulenburg"]
[SourceDate "2014.03.06"]

1. e4 e5 2. Nf3 d6 3. d4 Nd7 4. dxe5 dxe5 5. b3 Bd6 6. Bc4 Nh6 7. Bxh6 gxh6 8.
Qd2 Qf6 9. Nc3 Nb6 10. Nd5 Nxd5 11. Bxd5 c6 12. Bc4 O-O 13. O-O-O Ba3+ 14. Kb1
Be6 15. Qc3 Bxc4 16. Qxc4 b5 17. Qc3 b4 18. Qc5 Rfe8 19. Rd7 Re6 20. Rhd1 Kg7
21. R1d6 Kg6 22. Rxe6 Qxe6 23. Rd6 1-0

[Event "FSV-ch 2014"]
[Site "Offene VM 2014"]
[Date "2014.05.15"]
[Round "6.21"]
[White "Jürgens, Ulrich"]
[Black "Wilkins, Petra"]
[Result "0-1"]
[WhiteElo "1062"]
[BlackElo "982"]
[PlyCount "54"]
[EventDate "2014.??.??"]
[Source "Pit Schulenburg"]
[SourceDate "2014.03.06"]

1. Nf3 d6 2. d4 Nf6 3. g3 g6 4. Bg2 Bg7 5. Nc3 O-O 6. O-O Nbd7 7. e4 c6 8. Re1
b5 9. b4 Nb6 10. Bf1 a6 11. a3 d5 12. e5 Ne8 13. Bd3 Bg4 14. Be2 f6 15. exf6
Nxf6 16. Ne5 Bxe2 17. Qxe2 Qc7 18. Bf4 Nh5 19. Qg4 Nxf4 20. gxf4 Rf5 21. Re2
Raf8 22. Nd3 Bxd4 23. Rae1 Bxc3 24. Rxe7 Qd6 25. R1e6 Qd8 26. Qh4 Rh5 27. Qg4
Bf6 0-1

[Event "FSV-ch 2014"]
[Site "Offene VM 2014"]
[Date "2014.05.22"]
[Round "7.1"]
[White "Zachos, Ingo"]
[Black "Grube, Jörg"]
[Result "1-0"]
[WhiteElo "1871"]
[BlackElo "1793"]
[PlyCount "49"]
[EventDate "2014.??.??"]
[Source "Pit Schulenburg"]
[SourceDate "2014.03.06"]

1. Nf3 g6 2. c4 Bg7 3. g3 b6 4. Bg2 Bb7 5. d4 e6 6. Nc3 Ne7 7. O-O d6 8. e4 Nd7
9. Qe2 O-O 10. Rd1 Qc8 11. Bg5 f6 12. Be3 a6 13. Bh3 f5 14. Ng5 Nf6 15. d5 exd5
16. exd5 Re8 17. Ne6 Bh8 18. Bg2 b5 19. Rac1 Qd7 20. cxb5 axb5 21. Qxb5 Qxb5
22. Nxb5 Rxa2 23. Nexc7 Rd8 24. Bf4 Rxb2 25. Nxd6 1-0

[Event "FSV-ch 2014"]
[Site "Offene VM 2014"]
[Date "2014.05.22"]
[Round "7.2"]
[White "Zelt, Jens"]
[Black "Brendemühl, Bernd"]
[Result "1/2-1/2"]
[WhiteElo "2001"]
[BlackElo "1962"]
[PlyCount "61"]
[EventDate "2014.??.??"]
[Source "Pit Schulenburg"]
[SourceDate "2014.03.06"]

1. c4 e5 2. d3 Nf6 3. e4 c6 4. Nf3 Qc7 5. Nc3 a6 6. h3 Be7 7. Be2 O-O 8. O-O b5
9. Be3 d6 10. a3 Nbd7 11. cxb5 axb5 12. Rc1 Qb8 13. d4 Bb7 14. Qc2 Rc8 15. dxe5
dxe5 16. Rfd1 Nf8 17. Qb3 h6 18. Nh4 Ne6 19. Nf5 Bf8 20. f3 Rd8 21. Na2 Kh7 22.
Bf1 g6 23. Ng3 Rxd1 24. Rxd1 Qe8 25. Ne2 Rd8 26. Rxd8 Qxd8 27. a4 Ba6 28. axb5
Bxb5 29. Nac3 Bd3 30. Qb7 Qd7 31. Qxd7 {(=)} 1/2-1/2

[Event "FSV-ch 2014"]
[Site "Offene VM 2014"]
[Date "2014.05.22"]
[Round "7.3"]
[White "Guddat, Jörn"]
[Black "Lauche, Christoph"]
[Result "0-1"]
[WhiteElo "1777"]
[BlackElo "1887"]
[PlyCount "90"]
[EventDate "2014.??.??"]
[Source "Pit Schulenburg"]
[SourceDate "2014.03.06"]

1. d4 c5 2. d5 e5 3. e4 d6 4. Nc3 a6 5. a4 b6 6. Nf3 Be7 7. Be2 Nd7 8. O-O h6
9. Nd2 Ngf6 10. f4 exf4 11. Rxf4 Ne5 12. Nc4 Nxc4 13. Bxc4 Nd7 14. Qe2 Ne5 15.
Nd1 Bg5 16. Rf1 Bg4 17. Qf2 Bxd1 18. Bxg5 Qxg5 19. Raxd1 O-O 20. Be2 Qe7 21.
Qf5 c4 22. b3 b5 23. bxc4 bxc4 24. Rd4 Qa7 25. Qf2 Qc5 26. Rdd1 Qa5 27. Ra1
Rab8 28. Qd4 Rb4 29. Qc3 Qb6+ 30. Kh1 a5 31. h3 Rb8 32. Rf5 Qc5 33. Kh2 f6 34.
Raf1 Rxa4 35. Qg3 Ra3 36. Qh4 Qe3 37. Bh5 Rf8 38. Bf3 Qa7 39. Qf4 a4 40. Qd2
Qc5 41. Bg4 Qe3 42. Qb4 Qg3+ 43. Kh1 Nxg4 44. hxg4 Re3 45. R5f4 Re2 0-1